[Event "gics rated blitz game, gics, K"]
[Site "gics rated blitz game, gics, "]
[Date "1997.??.??"]
[Round "?"]
[White "Brause"]
[Black "XXXXII"]
[Result "1-0"]
[WhiteElo "2340"]
[BlackElo "2000"]
[PlyCount "105"]

1. e4 e6 2. d4 d5 3. c4 dxe4 4. Nc3 Nf6 5. f3 Bb4 6. Qa4+ Nc6 7. Be3 exf3 8.
Nxf3 Ne4 9. Qc2 Nxc3 10. bxc3 Be7 11. Bd3 h6 12. Be4 Bd7 13. O-O O-O 14. d5
exd5 15. cxd5 Na5 16. Ne5 Be8 17. Bd4 c6 18. c4 f6 19. Nf3 Bf7 20. Rad1 cxd5
21. cxd5 Bxd5 22. Bf2 Bxe4 23. Qxe4 Qe8 24. Qd5+ Qf7 25. Qxa5 Rfc8 26. Rd7 b6
27. Qa6 Qe6 28. Rxa7 Rxa7 29. Qxa7 Bc5 30. Bxc5 bxc5 31. Re1 Qg4 32. a4 c4 33.
Qb7 c3 34. h3 Qc4 35. Re7 Qc5+ 36. Kh1 Kh8 37. Rxg7 Qf5 38. Rh7+ Qxh7 39.
Qxc8+
Kg7 40. Qd7+ Kh8 41. Qxh7+ Kxh7 42. Nd4 f5 43. a5 Kg6 44. a6 Kf6 45. a7 Ke5
46.
Nf3+ Kd5 47. a8=Q+ Kc4 48. Qc6+ Kd3 49. Qa6+ Kc2 50. Nd4+ Kb1 51. Qa3 f4 52.
Qb3+ Ka1 53. Nc2# 1-0

[Event "ICC 2 12 09/11/97, Internet Ch"]
[Site "ICC 2 12 09/11/97, Internet C"]
[Date "1997.??.??"]
[Round "?"]
[White "Brause"]
[Black "MicroFish"]
[Result "1-0"]
[WhiteElo "2530"]
[BlackElo "2005"]
[PlyCount "95"]

1. e4 e6 2. d4 d5 3. c4 dxe4 4. Nc3 f5 5. Be2 Nf6 6. Be3 Nbd7 7. Nh3 c6 8. O-O
Bd6 9. Ng5 Qe7 10. c5 Bc7 11. Bh5+ g6 12. Be2 Nd5 13. Nxd5 exd5 14. Nh3 h6 15.
Nf4 Qf7 16. Nxg6 Rg8 17. Nf4 Nf6 18. f3 Bd7 19. fxe4 fxe4 20. Nh5 Rg6 21. Qd2
O-O-O 22. Bxh6 Rdg8 23. g3 Bxg3 24. hxg3 Rxg3+ 25. Nxg3 Rxg3+ 26. Kf2 e3+ 27.
Bxe3 Ne4+ 28. Ke1 Qxf1+ 29. Bxf1 Nxd2 30. Kxd2 Bh3 31. Bf4 Rf3 32. Bxh3+ Rxh3
33. Rf1 b5 34. Be5 Rh7 35. Rf8+ Kb7 36. b4 Rd7 37. Rb8+ Ka6 38. a4 bxa4 39.
b5+
cxb5 40. c6 Rh7 41. c7 Rxc7 42. Bxc7 a3 43. Kc3 b4+ 44. Rxb4 a2 45. Ra4+ Kb5
46. Rxa7 Kc6 47. Be5 Kb6 48. Rxa2 1-0

[Event "ICC 2 12 09/11/97, Internet Ch"]
[Site "ICC 2 12 09/11/97, Internet C"]
[Date "1997.??.??"]
[Round "?"]
[White "Brause"]
[Black "Tyrisha"]
[Result "1/2-1/2"]
[WhiteElo "2535"]
[BlackElo "1970"]
[PlyCount "241"]

1. e4 e6 2. d4 d5 3. c4 c6 4. Nc3 dxe4 5. Nxe4 Nf6 6. Nxf6+ Qxf6 7. Nf3 Bb4+
8.
Bd2 Qe7 9. Bd3 Nd7 10. O-O Bxd2 11. Qxd2 O-O 12. Rad1 Nf6 13. Ne5 Bd7 14. Qa5
b6 15. Qc3 c5 16. dxc5 bxc5 17. Bxh7+ Kxh7 18. Nxd7 Nxd7 19. Qd3+ g6 20. Qxd7
Qh4 21. b3 Kg7 22. Qc7 Rfc8 23. Qa5 Rh8 24. Qc3+ Kf8 25. Qe5 Rh5 26. Qc7 e5
27.
Qxc5+ Kg7 28. h3 Rg5 29. f4 exf4 30. Qd4+ Kg8 31. Qxf4 Qxf4 32. Rxf4 f5 33.
Rd7
a5 34. Rh4 a4 35. b4 Rg3 36. Rhh7 Ra3 37. Rhg7+ Kh8 38. Rxg6 Rxa2 39. Rgg7 Rc2
40. Rh7+ Kg8 41. Rdg7+ Kf8 42. Rc7 Kg8 43. c5 a3 44. Rcg7+ Kf8 45. Rg5 Ra4 46.
Rxf5+ Kg8 47. Rh4 Ra7 48. Rg4+ Rg7 49. Rxg7+ Kxg7 50. Rf1 Rb2 51. Ra1 a2 52.
Kh2 Kf6 53. b5 Rxb5 54. Rxa2 Rxc5 55. Rf2+ Kg5 56. Kg3 Rc3+ 57. Rf3 Rc1 58.
h4+
Kg6 59. Kg4 Rc2 60. h5+ Kh6 61. Rf6+ Kg7 62. Rg6+ Kh7 63. Kf4 Rc4+ 64. Ke3
Rc3+
65. Kd4 Rc1 66. g4 Rd1+ 67. Ke4 Rf1 68. Ke5 Rf8 69. g5 Rf1 70. Rd6 Rf2 71.
Rd7+
Kg8 72. Rd8+ Kh7 73. g6+ Kh6 74. Rh8+ Kg7 75. Rh7+ Kg8 76. h6 Re2+ 77. Kf6
Rf2+
78. Ke6 Re2+ 79. Kd7 Rd2+ 80. Ke7 Re2+ 81. Kd6 Rd2+ 82. Ke5 Re2+ 83. Kd5 Rd2+
84. Ke4 Re2+ 85. Kf3 Re6 86. Rg7+ Kh8 87. Kg4 Re4+ 88. Kg5 Rg4+ 89. Kf6 Rf4+
90. Ke7 Re4+ 91. Kd7 Rd4+ 92. Kc7 Rc4+ 93. Kb7 Rb4+ 94. Ka7 Ra4+ 95. Kb6 Rb4+
96. Kc6 Rc4+ 97. Kd6 Rd4+ 98. Ke6 Re4+ 99. Kf7 Rf4+ 100. Ke8 Rf8+ 101. Ke7
Re8+
102. Kd7 Rd8+ 103. Kc7 Rc8+ 104. Kb7 Rb8+ 105. Ka7 Ra8+ 106. Kb6 Ra6+ 107. Kc5
Ra5+ 108. Kd4 Ra4+ 109. Ke3 Ra3+ 110. Kf4 Ra4+ 111. Kg3 Ra3+ 112. Kg4 Ra4+
113.
Kf3 Ra3+ 114. Ke4 Ra4+ 115. Kd3 Ra3+ 116. Kd2 Ra2+ 117. Kc3 Ra3+ 118. Kc4 Ra4+
119. Kb3 Ra3+ 120. Kb4 Ra4+ 121. Kxa4 1/2-1/2

[Event "ICC 5 3 09/11/97, Internet Che"]
[Site "ICC 5 3 09/11/97, Internet Ch"]
[Date "1997.??.??"]
[Round "?"]
[White "Brause"]
[Black "Qzzq"]
[Result "1-0"]
[WhiteElo "2500"]
[BlackElo "2290"]
[PlyCount "117"]

1. e4 e6 2. d4 d5 3. c4 dxe4 4. Nc3 f5 5. Be2 Nf6 6. Nh3 c6 7. O-O Be7 8. Bh5+
g6 9. Be2 O-O 10. Bh6 Re8 11. Nf4 Kf7 12. d5 cxd5 13. cxd5 exd5 14. Ncxd5 Nxd5
15. Bc4 Be6 16. Bxd5 Bxd5 17. Nxd5 Nc6 18. a3 Qd7 19. Qb3 Nd4 20. Qa2 Ne6 21.
Rfd1 Rad8 22. Qb3 Qc6 23. Rac1 Bc5 24. Bf4 Rd7 25. Be5 Rc8 26. Qh3 h5 27. Qb3
b5 28. Nf4 Rxd1+ 29. Rxd1 Be7 30. h3 Qc4 31. Qg3 g5 32. Nxe6 Kxe6 33. Re1 h4
34. Qh2 Qe2 35. Rf1 f4 36. Bxf4 gxf4 37. Qxf4 Rg8 38. Qh6+ Bf6 39. Qc1 Qc4 40.
Qf4 Bxb2 41. Re1 Qd5 42. Qxh4 Bxa3 43. Rxe4+ Kd7 44. Rd4 Rxg2+ 45. Kf1 Rg5 46.
Qh7+ Kc6 47. Rxd5 Rxd5 48. Qxa7 b4 49. Ke2 Rb5 50. Qa8+ Rb7 51. Qe8+ Kc7 52.
Qe7+ Kc6 53. Qe6+ Kc7 54. Qc4+ Kb6 55. Qd4+ Ka6 56. f4 Rb6 57. f5 Ka5 58. Qc5+
Rb5 59. Qa7# 1-0

[Event "ICC 5 3 09/11/97, Internet Che"]
[Site "ICC 5 3 09/11/97, Internet Ch"]
[Date "1997.??.??"]
[Round "?"]
[White "Brause"]
[Black "deja-blue"]
[Result "1-0"]
[WhiteElo "2530"]
[BlackElo "1700"]
[PlyCount "33"]

1. e4 e6 2. d4 d5 3. c4 c5 4. cxd5 exd5 5. Nc3 cxd4 6. Nxd5 Nc6 7. Bf4 Bd6 8.
Bxd6 Qxd6 9. Bb5 Bf5 10. Bxc6+ Qxc6 11. Rc1 Qd6 12. Nc7+ Kd7 13. Nxa8 Bxe4 14.
Rc7+ Kd8 15. Qg4 Qb4+ 16. Kd1 Qa4+ 17. b3 1-0

[Event "ICC 5 3 09/11/97, Internet Che"]
[Site "ICC 5 3 09/11/97, Internet Ch"]
[Date "1997.??.??"]
[Round "?"]
[White "Brause"]
[Black "Turbo420"]
[Result "1-0"]
[WhiteElo "2535"]
[BlackElo "2865"]
[PlyCount "33"]

1. e4 e6 2. d4 d5 3. c4 c5 4. cxd5 exd5 5. Nc3 dxe4 6. Bc4 Nf6 7. Qb3 Qd7 8.
Bb5 Nc6 9. d5 a6 10. dxc6 bxc6 11. Bc4 Bb7 12. Bg5 Rd8 13. Bxf6 Qd2+ 14. Kf1
gxf6 15. Bxf7+ Kd7 16. Qxb7+ Kd6 17. Nxe4+ 1-0

[Event "ICC 5 3 09/12/97, Internet Che"]
[Site "ICC 5 3 09/12/97, Internet Ch"]
[Date "1997.??.??"]
[Round "?"]
[White "Brause"]
[Black "youngShort"]
[Result "1-0"]
[WhiteElo "2525"]
[BlackElo "1760"]
[PlyCount "75"]

1. e4 e6 2. d4 d5 3. c4 c5 4. cxd5 exd5 5. Nc3 Be6 6. exd5 Bxd5 7. dxc5 Nf6 8.
Nxd5 Qxd5 9. Qxd5 Nxd5 10. Bb5+ Nc6 11. Bd2 Bxc5 12. Rc1 Bd4 13. Ne2 Bxb2 14.
Rc2 Bf6 15. Rxc6 bxc6 16. Bxc6+ Ke7 17. Bxd5 Rad8 18. Bb4+ Kd7 19. Bxf7 Rb8
20.
Bd2 Rb1+ 21. Bc1 Bb2 22. O-O Bxc1 23. Nxc1 Rc8 24. Nd3 Rxf1+ 25. Kxf1 Ke7 26.
Bb3 Kd6 27. f4 h6 28. Ke2 Rc3 29. Ke3 Ke7 30. Kd4 Rc7 31. Ne5 Kf6 32. Ng4+ Kf5
33. Ne3+ Kg6 34. f5+ Kh5 35. g3 Rc1 36. h4 Rg1 37. Bf7+ g6 38. Bxg6# 1-0

[Event "ICC 5 3 09/12/97, Internet Che"]
[Site "ICC 5 3 09/12/97, Internet Ch"]
[Date "1997.??.??"]
[Round "?"]
[White "Brause"]
[Black "Tb7"]
[Result "1-0"]
[WhiteElo "2525"]
[BlackElo "1780"]
[PlyCount "79"]

1. e4 e6 2. d4 d5 3. c4 dxe4 4. Nc3 c5 5. d5 Nf6 6. Bg5 e3 7. Bxe3 exd5 8.
cxd5
Bd6 9. Bb5+ Bd7 10. Qb3 O-O 11. O-O-O a6 12. Bxd7 Qxd7 13. Bg5 Ng4 14. Ne4 b5
15. Qf3 f5 16. Nxd6 Qxd6 17. Bf4 Qd7 18. Nh3 a5 19. Ng5 Na6 20. Ne6 Rfe8 21.
h3
Nf6 22. Bg5 Ne4 23. Qxf5 Nxg5 24. Qxg5 Nb4 25. Kb1 c4 26. f4 Nd3 27. Rd2 a4
28.
f5 a3 29. bxa3 Rxa3 30. f6 h6 31. Qxg7+ Qxg7 32. fxg7 Nb4 33. Rf1 Raa8 34.
Rdf2
Rxe6 35. dxe6 Kxg7 36. Rf7+ Kg6 37. R1f6+ Kg5 38. Rf5+ Kg6 39. h4 Nxa2 40. h5#
1-0

[Event "ICC 5 3 09/12/97, Internet Che"]
[Site "ICC 5 3 09/12/97, Internet Ch"]
[Date "1997.??.??"]
[Round "?"]
[White "Brause"]
[Black "letitbe"]
[Result "1-0"]
[WhiteElo "2525"]
[BlackElo "1845"]
[PlyCount "89"]

1. e4 e6 2. d4 d5 3. c4 dxe4 4. Nc3 Nf6 5. f3 exf3 6. Nxf3 b6 7. Bd3 Nbd7 8.
O-O Bb7 9. Bd2 Be7 10. Be3 O-O 11. Qe2 a6 12. Rad1 Ng4 13. Bf4 Ndf6 14. Ne5
Nxe5 15. dxe5 Nd7 16. Bxh7+ Kxh7 17. Qd3+ Kg8 18. Qxd7 Qxd7 19. Rxd7 Bc5+ 20.
Kh1 Rac8 21. Na4 Bc6 22. Nxc5 bxc5 23. Re7 Rfe8 24. Bg5 Rxe7 25. Bxe7 Re8 26.
Bxc5 Rd8 27. Be3 Rd3 28. Re1 f6 29. exf6 gxf6 30. Kg1 Kf7 31. Kf2 e5 32. g4
Kg6
33. h4 Bd7 34. h5+ Kg7 35. g5 fxg5 36. Bxg5 Rh3 37. h6+ Kg6 38. Rxe5 Rh2+ 39.
Kg3 Rxb2 40. Re7 Bc8 41. h7 Bb7 42. h8=Q Rg2+ 43. Kh3 Rxg5 44. Qg7+ Kh5 45.
Qh7# 1-0

[Event "ICC 5 3 09/12/97, Internet Che"]
[Site "ICC 5 3 09/12/97, Internet Ch"]
[Date "1997.??.??"]
[Round "?"]
[White "Brause"]
[Black "Qzzq"]
[Result "1-0"]
[WhiteElo "2530"]
[BlackElo "2240"]
[PlyCount "77"]

1. e4 e6 2. d4 d5 3. c4 dxe4 4. Nc3 f5 5. Be2 Nf6 6. Bh5+ g6 7. Be2 Bg7 8. Nh3
O-O 9. O-O Nc6 10. Be3 Ne7 11. f3 exf3 12. Bxf3 c6 13. Qe2 h5 14. Nf4 g5 15.
Nxh5 g4 16. Nxf6+ Bxf6 17. Bxg4 fxg4 18. Qxg4+ Bg7 19. Rxf8+ Qxf8 20. Rf1 Nf5
21. Bh6 Qf6 22. Bxg7 Qxg7 23. Rf4 Qxg4 24. Rxg4+ Kf7 25. Rf4 Kg7 26. Kf2 Bd7
27. g4 Nd6 28. b3 Rf8 29. Rxf8 Kxf8 30. h4 Kg7 31. Ke3 b5 32. Ne4 Nxe4 33.
Kxe4
bxc4 34. bxc4 Kf6 35. Kf4 Be8 36. h5 e5+ 37. dxe5+ Ke6 38. Kg5 Kxe5 39. h6 1-0

[Event "ICC 5 3 09/12/97, Internet Che"]
[Site "ICC 5 3 09/12/97, Internet Ch"]
[Date "1997.??.??"]
[Round "?"]
[White "Brause"]
[Black "Qzzq"]
[Result "0-1"]
[WhiteElo "2535"]
[BlackElo "2235"]
[PlyCount "109"]

1. e4 e6 2. d4 d5 3. c4 dxe4 4. Nc3 f5 5. Be2 Nf6 6. Bh5+ Nxh5 7. Qxh5+ g6 8.
Qd1 Bg7 9. Nge2 Nc6 10. Be3 O-O 11. O-O a6 12. Qd2 Qd6 13. f3 exf3 14. Rxf3 b6
15. Rd1 e5 16. c5 bxc5 17. dxc5 Qxd2 18. Bxd2 f4 19. Rf2 Bf5 20. Nd5 Rab8 21.
Bc3 Rf7 22. Nc1 Bg4 23. Rdd2 Rd7 24. Rf1 a5 25. h3 Be6 26. Rfd1 Rf7 27. Kf1
Nd4
28. Nxf4 Rxf4+ 29. Kg1 a4 30. Re1 Rd8 31. b3 axb3 32. axb3 Rh4 33. b4 Bc4 34.
Rdd1 Rf4 35. Bd2 Rff8 36. Bg5 Rd5 37. Rd2 Rb8 38. Na2 e4 39. h4 h6 40. Bf4 Ne6
41. Rxe4 Rxd2 42. Bxd2 Bxa2 43. Kf2 Rf8+ 44. Ke3 g5 45. hxg5 hxg5 46. Ke2 Nf4+
47. Bxf4 gxf4 48. Re7 c6 49. Rb7 Bd5 50. Kf1 Re8 51. Rd7 Bd4 52. Rxd5 cxd5 53.
c6 Rc8 54. b5 Bb6 55. Ke2 0-1

[Event "ICC 3 0 09/12/97, Internet Che"]
[Site "ICC 3 0 09/12/97, Internet Ch"]
[Date "1997.??.??"]
[Round "?"]
[White "Brause"]
[Black "Jotun"]
[Result "1-0"]
[WhiteElo "2490"]
[BlackElo "2430"]
[PlyCount "71"]

1. e4 e6 2. d4 d5 3. c4 dxe4 4. Nc3 f5 5. Be2 Nf6 6. Bg5 Be7 7. Qd2 O-O 8.
O-O-O a6 9. f3 b5 10. cxb5 axb5 11. Bxb5 Bb7 12. Bc4 Nd5 13. Bxe7 Qxe7 14. Kb1
e3 15. Qc2 Nd7 16. Nxd5 Bxd5 17. Bxd5 exd5 18. Qxc7 Rfb8 19. Qc3 Nb6 20. Qc6
Kh8 21. b3 Qa3 22. Qc2 Na4 23. Rd3 Rc8 24. bxa4 Qb4+ 25. Qb3 Qe1+ 26. Rd1 Qf2
27. Nh3 Qxg2 28. Nf4 Qxf3 29. Rhf1 Qe4+ 30. Qd3 Rab8+ 31. Ka1 Rc2 32. Rb1 Rbc8
33. Qxe4 fxe4 34. Nxd5 e2 35. Rfe1 Rd2 36. Nc3 1-0

[Event "ICC 5 3 09/12/97, Internet Che"]
[Site "ICC 5 3 09/12/97, Internet Ch"]
[Date "1997.??.??"]
[Round "?"]
[White "Brause"]
[Black "Qzzq"]
[Result "1-0"]
[WhiteElo "2485"]
[BlackElo "2315"]
[PlyCount "101"]

1. e4 e6 2. d4 d5 3. c4 dxe4 4. Nc3 f5 5. Be2 Nf6 6. Nh3 Bb4 7. O-O O-O 8. Be3
b6 9. Qb3 Bxc3 10. Qxc3 Bb7 11. Nf4 Re8 12. Rae1 Na6 13. b4 c5 14. dxc5 bxc5
15. b5 Nb8 16. Bxc5 Qc7 17. Be3 e5 18. Nh5 Nd5 19. Qb3 Nxe3 20. fxe3 Qf7 21.
Bg4 g6 22. Ng3 Nd7 23. Bxf5 gxf5 24. Nxf5 Qe6 25. Qb4 a5 26. Qd6 Rac8 27. Nh6+
Kh8 28. Rd1 Nc5 29. Qxe6 Rxe6 30. Rd6 Rce8 31. Nf7+ Kg7 32. Rxe6 Rxe6 33. Nd8
Re7 34. h3 Ba8 35. Rf5 Nd7 36. h4 a4 37. Rf1 h6 38. Rd1 Nf6 39. c5 Nd5 40. c6
Nb6 41. Rd6 Nc4 42. Re6 Ra7 43. Kf2 h5 44. Re8 Kg6 45. Rg8+ Kf6 46. Rf8+ Kg7
47. Ne6+ Kg6 48. c7 Nb6 49. Rb8 Bb7 50. Nc5 Nd7 51. Nxd7 1-0

[Event "ICC 5 3 09/12/97, Internet Che"]
[Site "ICC 5 3 09/12/97, Internet Ch"]
[Date "1997.??.??"]
[Round "?"]
[White "Brause"]
[Black "Qzzq"]
[Result "0-1"]
[WhiteElo "2540"]
[BlackElo "2260"]
[PlyCount "86"]

1. e4 e6 2. d4 d5 3. c4 dxe4 4. Nc3 f5 5. f3 exf3 6. Nxf3 Nf6 7. Be2 Be7 8.
O-O
O-O 9. Bf4 Nc6 10. Nb5 Bd6 11. Nxd6 cxd6 12. Qd3 d5 13. c5 Ne4 14. Ne5 Bd7 15.
Rae1 b6 16. cxb6 axb6 17. a3 Nxe5 18. Bxe5 Qe7 19. Rf4 Ba4 20. Qh3 Rfc8 21.
Bd3
Bc2 22. Rff1 Bxd3 23. Qxd3 Qd7 24. Rf3 Qa4 25. Rfe3 Rc2 26. R3e2 Rac8 27. Kf1
h6 28. b3 Qc6 29. Qa6 Rxe2 30. Qxe2 Qc3 31. Qa6 Qc2 32. Bg3 Rc3 33. Qxb6 Rxg3
34. Qb8+ Kh7 35. Qxg3 Nxg3+ 36. hxg3 Qxb3 37. Rxe6 Qxa3 38. Kf2 Qb2+ 39. Kf3
Qxd4 40. Re3 Qd1+ 41. Kf2 d4 42. Rf3 Kg6 43. g4 fxg4 0-1

[Event "ICC 5 3 09/12/97, Internet Che"]
[Site "ICC 5 3 09/12/97, Internet Ch"]
[Date "1997.??.??"]
[Round "?"]
[White "Brause"]
[Black "Qzzq"]
[Result "0-1"]
[WhiteElo "2520"]
[BlackElo "2275"]
[PlyCount "99"]

1. e4 e6 2. d4 d5 3. c4 dxe4 4. Nc3 f5 5. f3 exf3 6. Nxf3 Nf6 7. Be2 Be7 8.
O-O
O-O 9. Bf4 Bd6 10. Qc1 b6 11. Ne5 c5 12. Bf3 cxd4 13. Bxa8 dxc3 14. Qxc3 Qc7
15. Rae1 Nbd7 16. Nd3 Nc5 17. Bxd6 Qxd6 18. Nf2 Ba6 19. Bf3 Qc7 20. b3 Re8 21.
Re5 Ncd7 22. Ree1 Nc5 23. Nd3 Nce4 24. Bxe4 Nxe4 25. Qe5 Qe7 26. Re3 Bb7 27.
Rfe1 Bc6 28. b4 Rd8 29. Nf4 Bd7 30. Qc7 Rc8 31. Qxa7 Rxc4 32. Rd1 Rxb4 33. Qc7
Nf6 34. Nxe6 Re4 35. Rxe4 fxe4 36. Rd6 e3 37. Rxb6 Nd5 38. Rb8+ Kf7 39. Nd8+
Kf6 40. Qc4 e2 41. Qh4+ g5 42. Qe1 Nf4 43. Ra8 Qc5+ 44. Kh1 Qd5 45. Qa1+ Kg6
46. Qb1+ Bf5 47. Ra6+ Kh5 48. Rh6+ Kxh6 49. Qb6+ Kh5 50. Qh6+ 0-1

[Event "ICC 5 3 09/12/97, Internet Che"]
[Site "ICC 5 3 09/12/97, Internet Ch"]
[Date "1997.??.??"]
[Round "?"]
[White "Brause"]
[Black "Qzzq"]
[Result "1-0"]
[WhiteElo "2560"]
[BlackElo "2275"]
[PlyCount "69"]

1. e4 e6 2. d4 d5 3. c4 dxe4 4. Nc3 f5 5. Be2 Nf6 6. Bg5 Be7 7. Nh3 O-O 8. O-O
Nc6 9. d5 Ne5 10. Qb3 Kh8 11. Bf4 Bd6 12. c5 Ng6 13. cxd6 Nxf4 14. Nxf4 Qxd6
15. Nxe6 Bxe6 16. dxe6 Rae8 17. Qxb7 Rxe6 18. Qxa7 f4 19. Bc4 Re5 20. Rfd1 Qe7
21. Nd5 Nxd5 22. Rxd5 f3 23. Rxe5 Qxe5 24. Qa3 Qf6 25. Qc3 Qg6 26. Bf1 fxg2
27.
Bxg2 h5 28. Qxc7 h4 29. Qd7 Qg5 30. Re1 Rf4 31. Qe8+ Kh7 32. Kf1 Qf6 33. Bxe4+
Kh6 34. Re2 h3 35. Bd3 1-0

[Event "ICC 5 3 09/12/97, Internet Che"]
[Site "ICC 5 3 09/12/97, Internet Ch"]
[Date "1997.??.??"]
[Round "?"]
[White "Brause"]
[Black "Qzzq"]
[Result "1-0"]
[WhiteElo "2545"]
[BlackElo "2295"]
[PlyCount "111"]

1. e4 e6 2. d4 d5 3. c4 c6 4. Nc3 Bb4 5. Bd3 Nf6 6. cxd5 cxd5 7. e5 Ne4 8.
Nge2
Nxc3 9. bxc3 Be7 10. Qc2 Nd7 11. Bxh7 Nb6 12. Bd3 Bd7 13. O-O Qc7 14. f4 Ba4
15. Qb1 f5 16. exf6 gxf6 17. Bb5+ Bxb5 18. Qxb5+ Kf7 19. Rb1 Rad8 20. Re1 Bd6
21. Rb3 Rh4 22. Be3 Rdh8 23. h3 Rg8 24. Kh1 Rhh8 25. Qa5 Qb8 26. Bc1 Rg7 27.
a4
Qg8 28. Rg1 Rgh7 29. c4 dxc4 30. Rf3 Qc8 31. f5 e5 32. dxe5 fxe5 33. Nc3 Qc6
34. Rgf1 Bc5 35. Bg5 Rg8 36. Ne4 Nxa4 37. Ra1 b5 38. Rxa4 bxa4 39. Nxc5 Rxg5
40. Qxa7+ Kg8 41. Qb8+ Kf7 42. Ne4 Qxe4 43. Qc7+ Kg8 44. Qd8+ Kf7 45. Qxg5
Qe1+
46. Kh2 Qh4 47. Qg6+ Kf8 48. Qc6 Qd8 49. Qc5+ Qe7 50. Qc8+ Kf7 51. Qxc4+ Kf6
52. Qc6+ Kf7 53. Rd3 e4 54. Rd7 Kf8 55. Qa8+ Kf7 56. Rxe7+ 1-0

[Event "ICC 5 0 09/13/97, Internet Che"]
[Site "ICC 5 0 09/13/97, Internet Ch"]
[Date "1997.??.??"]
[Round "?"]
[White "Brause"]
[Black "Frank"]
[Result "1-0"]
[WhiteElo "2555"]
[BlackElo "2190"]
[PlyCount "86"]

1. e4 e6 2. d4 d5 3. c4 dxe4 4. Nc3 Bb4 5. Qa4+ Nc6 6. Be3 Nf6 7. Nge2 O-O 8.
O-O-O Qe7 9. Bg5 Bd7 10. Qc2 h6 11. Bxf6 Qxf6 12. Nxe4 Qe7 13. d5 Ne5 14. Kb1
a5 15. N2c3 Ra7 16. f4 Ng6 17. dxe6 Bxe6 18. Qf2 Bf5 19. Bd3 Bxc3 20. Nxc3
Bxd3+ 21. Rxd3 Ra6 22. Re1 Re6 23. Rxe6 fxe6 24. g3 Rd8 25. Rxd8+ Qxd8 26. Qe3
Kf7 27. Qe4 Ne7 28. Qxb7 Qd3+ 29. Kc1 Qf1+ 30. Kc2 Qxc4 31. Qa7 Nd5 32. Qxa5
Nb4+ 33. Kd2 Qd3+ 34. Ke1 Nc2+ 35. Kf2 Qe3+ 36. Kg2 Ne1+ 37. Kh3 Qd3 38. Qxc7+
Kg6 39. Qe5 Qf1+ 40. Kg4 Qf3+ 41. Kh4 Ng2+ 42. Kh3 Nxf4+ 43. Qxf4 Qf1+ 1-0

[Event "ICC 5 0 09/13/97, Internet Che"]
[Site "ICC 5 0 09/13/97, Internet Ch"]
[Date "1997.??.??"]
[Round "?"]
[White "Brause"]
[Black "Frank"]
[Result "1-0"]
[WhiteElo "2560"]
[BlackElo "2185"]
[PlyCount "157"]

1. e4 e6 2. d4 d5 3. c4 dxe4 4. Nc3 Nf6 5. f3 exf3 6. Nxf3 Be7 7. Bd3 O-O 8.
O-O b6 9. Bf4 Bb7 10. Nb5 Na6 11. Qe2 c6 12. Nc3 Nb4 13. Be4 Nxe4 14. Qxe4 Qc8
15. a3 c5 16. d5 Na6 17. Rad1 Bf6 18. Be5 Bxe5 19. Qxe5 exd5 20. Nxd5 Bxd5 21.
Qxd5 Nc7 22. Qc6 Ne6 23. Ne5 Qxc6 24. Nxc6 a6 25. Rd7 b5 26. cxb5 axb5 27. Rb7
Nd4 28. Nxd4 cxd4 29. Rxb5 Rab8 30. Rxb8 Rxb8 31. b4 f6 32. Rd1 Ra8 33. Rxd4
Rxa3 34. Rd7 h5 35. Kf2 Rb3 36. Rb7 Kh7 37. h4 Kg6 38. Rb5 Rc3 39. Rb7 Rb3 40.
b5 Kf5 41. Rxg7 Rxb5 42. g3 Rb2+ 43. Kf3 Rb3+ 44. Kg2 Rb2+ 45. Kh3 Rb3 46. Rc7
Kg6 47. Rd7 Rc3 48. Rd6 Rb3 49. Kg2 Rb2+ 50. Kf3 Rb3+ 51. Kf4 Rb4+ 52. Ke3
Rb3+
53. Kf2 Rb2+ 54. Kf1 Kf5 55. Rd4 Rc2 56. Rb4 Kg6 57. g4 hxg4 58. Rxg4+ Kh5 59.
Rf4 Kg6 60. Ra4 Rb2 61. Kg1 Rc2 62. Rb4 Rd2 63. Rg4+ Kh5 64. Rf4 Kg6 65. Rc4
f5
66. Rf4 Rc2 67. Rd4 Kh5 68. Ra4 Rd2 69. Rf4 Kg6 70. Rb4 Re2 71. Rb8 Kh5 72.
Rh8+ Kg4 73. h5 f4 74. h6 f3 75. Rg8+ Kh3 76. h7 f2+ 77. Kf1 Re1+ 78. Kxf2 Re7
79. h8=Q+ 1-0

[Event "gics rated blitz game, gics, K"]
[Site "gics rated blitz game, gics, "]
[Date "1997.??.??"]
[Round "?"]
[White "Brause"]
[Black "OliPow"]
[Result "1-0"]
[WhiteElo "2365"]
[BlackElo "1985"]
[PlyCount "79"]

1. e4 e6 2. d4 d5 3. c4 dxe4 4. Nc3 Bb4 5. Qb3 c5 6. dxc5 Nc6 7. Bd2 Nf6 8.
Nxe4 Nxe4 9. Bxb4 O-O 10. Bd3 Nd4 11. Qd1 Nc6 12. Bxe4 Nxb4 13. a3 Na6 14.
Qxd8
Rxd8 15. b4 Rd4 16. f3 Rxc4 17. Rd1 f6 18. Ne2 Nxc5 19. Rd8+ Kf7 20. bxc5 f5
21. Bxb7 Bxb7 22. Rd7+ Kf6 23. Rxb7 e5 24. Kf2 e4 25. Rc1 e3+ 26. Kxe3 Re8+
27.
Kd3 Ra4 28. Rc3 f4 29. c6 Re3+ 30. Kd2 Rxa3 31. Rxa3 Rxa3 32. c7 Ra2+ 33. Kd3
Ra3+ 34. Nc3 Rxc3+ 35. Kxc3 a6 36. c8=Q g6 37. Qd8+ Ke6 38. Rb6+ Kf7 39. Rf6+
Kg7 40. Qf8# 1-0

[Event "ICC 5 3 09/16/97, Internet Che"]
[Site "ICC 5 3 09/16/97, Internet Ch"]
[Date "1997.??.??"]
[Round "?"]
[White "Brause"]
[Black "RookieGM"]
[Result "1-0"]
[WhiteElo "2585"]
[BlackElo "2020"]
[PlyCount "45"]

1. e4 e6 2. d4 d5 3. c4 dxe4 4. Nc3 f5 5. Be2 Nf6 6. Be3 Bb4 7. Nh3 Bd7 8.
Bh5+
g6 9. Be2 Qe7 10. O-O Nc6 11. Na4 O-O-O 12. a3 b5 13. cxb5 Nxd4 14. Qxd4 Bxb5
15. Qxa7 Bxe2 16. Nb6+ cxb6 17. Rac1+ Bc5 18. Qxe7 Bxf1 19. Bxc5 Bc4 20. Bxb6
Rd7 21. Rxc4+ Kb8 22. Bc7+ Kb7 23. Qb4+ 1-0

[Event "ICC 5 3 09/16/97, Internet Che"]
[Site "ICC 5 3 09/16/97, Internet Ch"]
[Date "1997.??.??"]
[Round "?"]
[White "Brause"]
[Black "denizhan"]
[Result "1-0"]
[WhiteElo "2615"]
[BlackElo "2055"]
[PlyCount "165"]

1. e4 e6 2. d4 d5 3. c4 c5 4. cxd5 exd5 5. Nc3 Nf6 6. Bg5 dxe4 7. dxc5 Qxd1+
8.
Rxd1 Bxc5 9. Bxf6 gxf6 10. Nd5 Bd6 11. Nxf6+ Ke7 12. Nxe4 Bb4+ 13. Nc3 Be6 14.
a4 Rc8 15. Bd3 Bb3 16. Rc1 Nd7 17. Nge2 Bxa4 18. O-O Bb3 19. Bxh7 Nf6 20. Bf5
Rc5 21. Rfe1 Rd8 22. Nd4+ Kf8 23. Nxb3 Rxf5 24. f3 Kg7 25. Re3 Bxc3 26. Rexc3
Rfd5 27. Rc7 Rb5 28. Nc5 Rd2 29. Rxb7 Rxb7 30. Nxb7 Rxb2 31. Nd6 Nd5 32. Ra1
Ne3 33. Ra3 Rxg2+ 34. Kh1 Nc2 35. Rxa7 Rd2 36. Nxf7 Kf6 37. Nh6 Nd4 38. Ng4+
Kg6 39. Ra3 Kf5 40. Ne3+ Kg6 41. f4 Nf3 42. Ng4 Kf5 43. Rxf3 Kxg4 44. Rg3+
Kxf4
45. Rg8 Rd1+ 46. Kg2 Rd2+ 47. Kh3 Rd6 48. Rf8+ Kg5 49. Rf3 Rd4 50. Kg2 Rd2+
51.
Kg3 Rd4 52. h3 Re4 53. Rc3 Kf5 54. h4 Kg6 55. Rc5 Rd4 56. Rg5+ Kh7 57. Rb5 Kg6
58. Re5 Rd3+ 59. Kg4 Rd4+ 60. Kh3 Rd3+ 61. Kg2 Rd2+ 62. Kf3 Rd3+ 63. Ke4 Ra3
64. h5+ Kh6 65. Kf4 Ra4+ 66. Kg3 Ra3+ 67. Kh4 Ra4+ 68. Kh3 Ra3+ 69. Kg4 Ra4+
70. Kf3 Ra3+ 71. Ke4 Ra4+ 72. Kd3 Rh4 73. Rf5 Rxh5 74. Rf3 Kg6 75. Ke4 Rh4+
76.
Kd5 Rh5+ 77. Ke6 Kh6 78. Kf6 Rg5 79. Rd3 Rh5 80. Rd4 Kh7 81. Rd7+ Kh8 82. Kg6
Rh3 83. Rd8# 1-0

[Event "ICC 5 3 09/17/97, Internet Che"]
[Site "ICC 5 3 09/17/97, Internet Ch"]
[Date "1997.??.??"]
[Round "?"]
[White "Brause"]
[Black "topboy"]
[Result "1-0"]
[WhiteElo "2600"]
[BlackElo "1965"]
[PlyCount "55"]

1. e4 e6 2. d4 d5 3. c4 dxe4 4. Nc3 Nf6 5. f3 Bb4 6. Qa4+ Nc6 7. Be3 O-O 8.
O-O-O Bxc3 9. bxc3 Qe7 10. Bg5 h6 11. Bh4 g5 12. Bg3 Bd7 13. Qc2 e5 14. d5 Na5
15. fxe4 Qa3+ 16. Kb1 Ba4 17. Qc1 Qc5 18. Re1 Nxc4 19. Bxc4 Qxc4 20. Qe3 Nd7
21. Nf3 f6 22. h4 Rf7 23. hxg5 hxg5 24. Rh6 Rg7 25. Reh1 Kf7 26. Nxe5+ Nxe5
27.
Bxe5 fxe5 28. Qf3+ 1-0

[Event "ICC 2 12 09/17/97, Internet Ch"]
[Site "ICC 2 12 09/17/97, Internet C"]
[Date "1997.??.??"]
[Round "?"]
[White "Brause"]
[Black "RookieGM"]
[Result "1-0"]
[WhiteElo "2635"]
[BlackElo "1960"]
[PlyCount "29"]

1. e4 e6 2. d4 d5 3. c4 Bb4+ 4. Nc3 dxe4 5. Qb3 Bxc3+ 6. Qxc3 Nc6 7. d5 exd5
8.
Qxg7 Qf6 9. Bh6 Nd4 10. Qxf6 Nxf6 11. O-O-O Ne6 12. cxd5 Ng4 13. Bb5+ c6 14.
dxc6 Nc7 15. cxb7+ 1-0

[Event "ICC 2 12 09/17/97, Internet Ch"]
[Site "ICC 2 12 09/17/97, Internet C"]
[Date "1997.??.??"]
[Round "?"]
[White "Brause"]
[Black "Qzzq"]
[Result "1-0"]
[WhiteElo "2650"]
[BlackElo "2075"]
[PlyCount "105"]

1. e4 e6 2. d4 d5 3. c4 dxe4 4. Nc3 Bb4 5. f3 Bxc3+ 6. bxc3 exf3 7. Nxf3 Nf6
8.
Bd3 c5 9. O-O Qa5 10. Bf4 Nbd7 11. Qb3 O-O 12. Bd6 Re8 13. Kh1 b6 14. Ne5 Bb7
15. Nxd7 Nxd7 16. Qb1 f5 17. Qb5 Qxb5 18. cxb5 cxd4 19. cxd4 g6 20. Rac1 Rac8
21. Kg1 Bd5 22. a3 Nf6 23. Rfe1 Kf7 24. Be5 Ng8 25. Kf2 h6 26. Bf4 Red8 27.
Bc7
Rd7 28. Be5 Rdd8 29. h3 g5 30. Be2 Kg6 31. Bd3 h5 32. Rc7 Rxc7 33. Bxc7 Rc8
34.
Be5 Rc3 35. Re3 Kf7 36. Bf1 Rc2+ 37. Re2 Rc8 38. Re1 Ne7 39. Bd3 Ng6 40. Bd6
g4
41. hxg4 hxg4 42. Rh1 Kg7 43. Re1 Rc3 44. Rd1 Be4 45. Bxe4 fxe4 46. Re1 Rc2+
47. Kg3 Nh4 48. Kxh4 Rxg2 49. Rxe4 Kf6 50. Rf4+ Kg6 51. Rxg4+ Rxg4+ 52. Kxg4
Kf6 53. Kf4 1-0